000 00278nam a22001337a 4500
008 171017b xxu||||| |||| 00| 0 eng d
020 _a9780558267353
041 _aeng
080 _a33
100 _a52
101 _aECO
245 _aECONOMICS
_cOLIVER.J.M
942 _2udc
_cBK
999 _c34411
_d34411